00778cam a2200229 a 4500020001500000040000800015082002600023100002700049245002300076250001200099260003500111300003800146650001300184650002200197700002300219700001900242856006200261856005400323942000700377999001700384952014700401 a0070122008 cDLC a590 HIL 2000 A008 Or.1 aHickman, Cleveland P.,10aAnimal diversity / a2nd ed. aBoston :bMcGraw-Hill,cc2000. axv, 429 p. :bcol. ill. ;c28 cm. 0aZoology. 0aAnimal diversity.1 aRoberts, Larry S.,1 aLarson, Allan.42uhttp://www.loc.gov/catdir/description/mh023/99014463.html41uhttp://www.loc.gov/catdir/toc/mh023/99014463.html cEK c17092d17092 0010406590_000000000000000_HIL_2000_A008_OR70973727aLBAbLBAcA008d2018-08-01o590 HIL 2000 A008 Or.pA09407r2018-08-01w2018-08-01yEK